Statistics for The Clash - Rock the Casbah lyrics

Click here to take the quiz!

General Stats

  • This quiz has been taken 89 times
  • The average score is 217 of 333

Answer Stats

Lyrics% Correct
The
98%
the
98%
Casbah
92%
Rock
92%
it)
88%
it
88%
don't
82%
like
82%
a'
80%
a
80%
Oh!
80%
to
74%
To
74%
(You
72%
you
72%
You
72%
Shareef
71%
in
69%
(He
68%
he
68%
He
68%
of
66%
Of
66%
We
65%
that
63%
not
62%
his
58%
king
58%
As
57%
as
57%
boogie
57%
Got
57%
have
57%
let
57%
out
57%
it's
55%
men
55%
On
55%
way
55%
Down
54%
down
54%
Now
54%
was
54%
Drop
52%
drop
52%
'em
52%
jet
52%
really
52%
sound
52%
They
52%
they
52%
desert
51%
know
51%
said
51%
there
51%
crazy
49%
your
49%
By
48%
told
48%
at
46%
Has
45%
hates
45%
minarets
45%
soon
45%
With
45%
bombs
43%
between
42%
Had
42%
kosher)
42%
radiator
42%
temple
42%
thinks
42%
this
42%
ban
40%
Cadillac
40%
fighters
40%
grille
40%
over
40%
pilots
40%
Rockin'
40%
top
40%
wail
40%
But
38%
oil
38%
prophet
38%
radio
38%
raga
38%
Sheik
38%
their
38%
been
37%
began
37%
order
37%
pack
37%
up
37%
cool
35%
went
35%
better
34%
called
34%
crowd
32%
cruisin'
32%
electric
32%
hair
32%
outta
32%
Outta
32%
says
32%
drove
31%
earn
31%
guitar
31%
shakin'
31%
took
31%
pay
29%
take
29%
ville
29%
can't
28%
drum
28%
picking
28%
standing
28%
thing
28%
direction
26%
faithful
26%
jive
26%
square
26%
thumb
26%
wailed
26%
wind
26%
band
25%
caught
25%
changed
25%
tuned
25%
brought
23%
cockpit
23%
five
23%
picker
23%
blare
22%
camel
22%
Degenerate
22%
dig
22%
local
22%
muezzin
22%
whiff
22%
Bedouin
18%
cleared
18%
chanting
17%
(Fundamentally
15%
Chauffeured
11%

Score Distribution

Percentile by Number Answered

Percent of People with Each Score

Your Score History

You have not taken this quiz